Statistics for VALORANT - Best/Worst Weapon Quiz

Click here to take the quiz!

General Stats

  • This quiz has been taken 78 times
  • The average score is 13 of 27

Answer Stats

GroupStatAnswer% Correct
Fire Rate / Run SpeedHighest Hip Run SpeedClassic / Frenzy / Ghost / Stinger / Spectre (5.73)
68%
Fire Rate / Run SpeedLowest Hip Fire Rate (Semi)Operator (0.6)
68%
Fire Rate / Run SpeedHighest Hip Fire Rate (Semi)Classic / Ghost (6.75)
66%
Fire Rate / Run SpeedHighest Hip Fire Rate (Auto)Stinger (16)
66%
Equip Speed / 1st Shot Spread / Reload Speed / MagazineFastest Equip SpeedClassic / Frenzy / Ghost / Stinger / Spectre (0.75s)
64%
Fire Rate / Run SpeedHighest ADS Fire Rate (% to Hip)Odin (130%)
62%
Equip Speed / 1st Shot Spread / Reload Speed / MagazineSlowest Equip SpeedOperator (1.5s)
62%
Other StatsFeature: SilencedGhost / Spectre / Phantom
56%
Fire Rate / Run SpeedLowest Hip Fire Rate (Auto)Vandal (9.75)
56%
Other StatsFeature: Dual ZoomOperator
52%
Equip Speed / 1st Shot Spread / Reload Speed / MagazineBiggest MagazineOdin (100)
48%
Equip Speed / 1st Shot Spread / Reload Speed / MagazineSlowest Reload SpeedOdin (5s)
48%
Fire Rate / Run SpeedLowest Hip Run SpeedBucky / Judge (5.06)
46%
Other StatsNo Damage FalloffBulldog / Guardian / Vandal / Marshal / Operator
46%
Other StatsAlt Fire: ShotgunClassic
46%
Equip Speed / 1st Shot Spread / Reload Speed / MagazineFastest Reload SpeedFrenzy / Ghost (1.5s)
46%
Other StatsFeature: Fire Rate IncreaseOdin
44%
Other StatsNo Alt Fire / FeaturesShorty / Frenzy / Sheriff / Judge
40%
Fire Rate / Run SpeedLowest ADS Fire Rate (% to Hip)Stinger (52%)
38%
Other StatsAlt Fire: AirburstBucky
36%
Fire Rate / Run SpeedLowest ADS Run Speed (% to Hip)Operator (72%)
36%
Equip Speed / 1st Shot Spread / Reload Speed / MagazineSmallest MagazineShorty (2)
36%
Equip Speed / 1st Shot Spread / Reload Speed / MagazineLowest ADS 1st Shot SpreadGuardian / Marshal / Operator (0)
34%
Fire Rate / Run SpeedHighest ADS Run Speed (% to Hip)Marshal (90%)
34%
Equip Speed / 1st Shot Spread / Reload Speed / MagazineLowest Hip 1st Shot SpreadGuardian (0.1)
32%
Equip Speed / 1st Shot Spread / Reload Speed / MagazineHighest ADS 1st Shot SpreadAres (0.9)
26%
Equip Speed / 1st Shot Spread / Reload Speed / MagazineHighest Hip 1st Shot SpreadOperator (5)
26%

Score Distribution

Percentile by Number Answered

Percent of People with Each Score

Your Score History

You have not taken this quiz